[Event "Gibraltar Challengers B"]
[Site "Gibraltar"]
[Date "2020.01.27"]
[Round "4.24"]
[White "Patola, Eero"]
[Black "Karlsson, Jorgen"]
[Result "0-1"]
[WhiteElo "1831"]
[BlackElo "2054"]
[PlyCount "152"]
[EventDate "2020.01.25"]
[EventType "swiss"]
[EventRounds "5"]
[EventCountry "GGB"]
[SourceTitle "BritBase"]
[Source "John Saunders"]
[SourceDate "2021.06.05"]
[SourceVersion "1"]
[SourceVersionDate "2021.06.05"]
[SourceQuality "1"]

1. c4 e5 2. Nc3 Nc6 3. g3 Bc5 4. Bg2 a6 5. d3 Nf6 6. h3 d6 7. Nf3 h6 8. O-O Be6
9. a3 Qd7 10. Kh2 g5 11. b4 Ba7 12. b5 axb5 13. Nxb5 Bb6 14. Be3 Ba5 15. Rc1 g4
16. Ng1 gxh3 17. Bxh3 Bxh3 18. Nxh3 Ng4+ 19. Kg2 d5 20. Bd2 d4 21. e3 Bxd2 22.
Qxd2 f5 23. exd4 Nxd4 24. Nxd4 Qxd4 25. Qc3 c5 26. Qxd4 cxd4 27. Rb1 Rxa3 28.
Rxb7 O-O 29. Rd1 Ra2 30. Kg1 Rfa8 31. Rdb1 Ra1 32. c5 Rxb1+ 33. Rxb1 Kf7 34. f3
Ne3 35. Nf2 Rc8 36. Rc1 h5 37. Kh2 Ke6 38. Kh3 Rc6 39. Kh4 Kf6 40. g4 hxg4 41.
fxg4 f4 42. Ne4+ Kg6 43. Rb1 Nd5 44. g5 Rc8 45. Kg4 Rh8 46. Nf2 Ne3+ 47. Kf3
Kxg5 48. Ke4 Rh2 49. Rg1+ Kf6 50. Kf3 Kf5 51. c6 Rh7 52. Rc1 Nd5 53. Rc5 Ke6
54. Ke4 Nf6+ 55. Kf3 Kd6 56. Rb5 Re7 57. Rb6 Rc7 58. Ne4+ Nxe4 59. Kxe4 Rxc6
60. Rb5 Rc5 61. Rb6+ Kc7 62. Re6 Kd7 63. Rf6 Rc6 64. Rf5 Re6 65. Kd5 Re8 66.
Rf7+ Re7 67. Rf5 Kc7 68. Rf6 e4 69. dxe4 d3 70. Rc6+ Kd8 71. Rc1 Ke8 72. e5 d2
73. Rd1 f3 74. Ke4 f2 75. Ke3 Rf7 76. Ke2 f1=Q+ 0-1

[Event "Gibraltar Challengers B"]
[Site "Gibraltar"]
[Date "2020.01.27"]
[Round "4.28"]
[White "Ungureanu, Sandu"]
[Black "Gonzalvez Tamarit, Ivan"]
[Result "1-0"]
[WhiteElo "2066"]
[BlackElo "1918"]
[PlyCount "99"]
[EventDate "2020.01.25"]
[EventType "swiss"]
[EventRounds "5"]
[EventCountry "GGB"]
[SourceTitle "BritBase"]
[Source "John Saunders"]
[SourceDate "2021.06.05"]
[SourceVersion "1"]
[SourceVersionDate "2021.06.05"]
[SourceQuality "1"]

1. Nf3 Nf6 2. c4 b6 3. g3 Bb7 4. Bg2 g6 5. O-O Bg7 6. Nc3 O-O 7. d4 Ne4 8. Qd3
Nxc3 9. Qxc3 d6 10. Qd3 Nd7 11. Be3 c5 12. Rad1 Qc7 13. b3 Rad8 14. Qd2 Rfe8
15. Bh6 Bh8 16. d5 Ne5 17. Nxe5 Bxe5 18. f4 Bd4+ 19. e3 Bg7 20. Bxg7 Kxg7 21.
f5 f6 22. fxg6 hxg6 23. Be4 e5 24. g4 Qd7 25. Qg2 Bc8 26. h3 Rh8 27. Rf3 Rdf8
28. Rdf1 Qe7 29. Qg3 g5 30. Qg2 Qc7 31. R1f2 Bd7 32. Qf1 Rh6 33. h4 Rxh4 34.
Rxf6 Rxf6 35. Rxf6 Rxg4+ 36. Bg2 Rf4 37. exf4 Kxf6 38. fxe5+ Kxe5 39. Qa1+ Kf5
40. Qg7 g4 41. Qh7+ Kf4 42. Qh6+ Ke5 43. Qe3+ Kf6 44. Qf4+ Bf5 45. Be4 Qd7 46.
Kf2 Qh7 47. Qxd6+ Kg5 48. Qe5 Qh4+ 49. Ke2 Kh6 50. Qh8+ 1-0

[Event "Gibraltar Challengers B"]
[Site "Gibraltar"]
[Date "2020.01.27"]
[Round "4.29"]
[White "Lung, Liviu-Catalin"]
[Black "Ashwani, Kumar Grover"]
[Result "1/2-1/2"]
[WhiteElo "2041"]
[BlackElo "1731"]
[PlyCount "109"]
[EventDate "2020.01.25"]
[EventType "swiss"]
[EventRounds "5"]
[EventCountry "GGB"]
[SourceTitle "BritBase"]
[Source "John Saunders"]
[SourceDate "2021.06.05"]
[SourceVersion "1"]
[SourceVersionDate "2021.06.05"]
[SourceQuality "1"]

1. e4 e6 2. d3 d5 3. Nd2 Nf6 4. Ngf3 c5 5. g3 Nc6 6. Bg2 dxe4 7. dxe4 e5 8. O-O
Qc7 9. c3 Be7 10. Nc4 Be6 11. Ne3 Nxe4 12. Nd5 Bxd5 13. Qxd5 Nf6 14. Qc4 O-O
15. Bg5 h6 16. Bxf6 Bxf6 17. Qxc5 Be7 18. Qe3 Bd6 19. Rad1 f5 20. Nh4 Rad8 21.
g4 Ne7 22. gxf5 Bc5 23. Qe4 Rxd1 24. Rxd1 g5 25. Ng6 Nxg6 26. fxg6 Rxf2 27. Kh1
Rxb2 28. Qd5+ Kg7 29. Qe6 Qe7 30. Rd7 Rb1+ 31. Bf1 Rxf1+ 32. Kg2 Rf2+ 33. Kg3
Qxd7 34. Qxd7+ Kxg6 35. Qxb7 Rf6 36. Qe4+ Kg7 37. Qd5 Bb6 38. Qxe5 Kg6 39. Qe4+
Kg7 40. c4 h5 41. Qe7+ Kg6 42. c5 Ba5 43. c6 Bb6 44. Qe4+ Kh6 45. Qc2 Bc7+ 46.
Kg2 h4 47. h3 Kg7 48. Qd2 Kh6 49. Qc2 Kg7 50. a4 a5 51. Qc5 Kg6 52. Qd4 Kg7 53.
Qd7+ Rf7 54. Qe8 Bb6 55. Qe5+ 1/2-1/2

[Event "Gibraltar Challengers B"]
[Site "Gibraltar"]
[Date "2020.01.27"]
[Round "4.31"]
[White "Niharika, Ch"]
[Black "Filipovich, David"]
[Result "1/2-1/2"]
[WhiteElo "1865"]
[BlackElo "1995"]
[PlyCount "89"]
[EventDate "2020.01.25"]
[EventType "swiss"]
[EventRounds "5"]
[EventCountry "GGB"]
[SourceTitle "BritBase"]
[Source "John Saunders"]
[SourceDate "2021.06.05"]
[SourceVersion "1"]
[SourceVersionDate "2021.06.05"]
[SourceQuality "1"]

1. e4 g6 2. d4 Bg7 3. Nc3 c6 4. Be3 d5 5. h3 Qb6 6. b3 dxe4 7. Nxe4 Nd7 8. Qd2
Ngf6 9. Nc3 Nd5 10. Nxd5 cxd5 11. Ne2 Nf6 12. Nc3 Bd7 13. g4 e6 14. Bd3 Rc8 15.
g5 Ng8 16. Ne2 Bb5 17. Bxb5+ Qxb5 18. h4 Ne7 19. Ng3 Qc6 20. O-O-O Qc3 21. Qxc3
Rxc3 22. Kb2 Rc6 23. h5 Nf5 24. hxg6 hxg6 25. Rxh8+ Bxh8 26. Nxf5 gxf5 27. Bf4
Bg7 28. Be5 Bxe5 29. dxe5 Kf8 30. a4 Kg7 31. Rh1 Rc8 32. f4 Rh8 33. Rxh8 Kxh8
34. Kc3 Kg7 35. Kd4 Kf8 36. b4 Ke7 37. a5 Kd7 38. Kc5 Kc7 39. b5 Kd7 40. Kd4
Kc7 41. Kc5 Kd7 42. Kb4 Kc7 43. Ka4 Kd7 44. Kb4 Kc7 45. Kc5 1/2-1/2

[Event "Gibraltar Challengers B"]
[Site "Gibraltar"]
[Date "2020.01.27"]
[Round "4.32"]
[White "Kunnavakkam, Sudarshanagopal Vin"]
[Black "Wang, Cong"]
[Result "1-0"]
[WhiteElo "1786"]
[BlackElo "1975"]
[PlyCount "65"]
[EventDate "2020.01.25"]
[EventType "swiss"]
[EventRounds "5"]
[EventCountry "GGB"]
[SourceTitle "BritBase"]
[Source "John Saunders"]
[SourceDate "2021.06.05"]
[SourceVersion "1"]
[SourceVersionDate "2021.06.05"]
[SourceQuality "1"]

1. e4 e5 2. d4 exd4 3. c3 d5 4. Qxd4 dxe4 5. Qxe4+ Qe7 6. Qxe7+ Bxe7 7. Bc4 Nf6
8. Bf4 Bd6 9. Bxd6 cxd6 10. Na3 d5 11. Bb3 a6 12. Rd1 Be6 13. Ne2 Nc6 14. Nf4
O-O-O 15. O-O Na5 16. Nxe6 fxe6 17. Bc2 e5 18. Rfe1 Rhe8 19. Rd2 g6 20. f3 Nc6
21. Bb1 d4 22. cxd4 exd4 23. Red1 Re6 24. Bd3 b5 25. Nc2 Red6 26. a4 Rd5 27.
Na3 Nb4 28. axb5 Nxd3 29. Rxd3 axb5 30. Nc2 Nh5 31. Rxd4 Nf4 32. Kf2 Nd3+ 33.
R1xd3 1-0

[Event "Gibraltar Challengers B"]
[Site "Gibraltar"]
[Date "2020.01.27"]
[Round "4.33"]
[White "Hng, Mei-Xian Eunice"]
[Black "Fabregas, Oliver"]
[Result "1-0"]
[WhiteElo "1661"]
[BlackElo "1951"]
[PlyCount "93"]
[EventDate "2020.01.25"]
[EventType "swiss"]
[EventRounds "5"]
[EventCountry "GGB"]
[SourceTitle "BritBase"]
[Source "John Saunders"]
[SourceDate "2021.06.05"]
[SourceVersion "1"]
[SourceVersionDate "2021.06.05"]
[SourceQuality "1"]

1. e4 c5 2. d4 cxd4 3. c3 d3 4. Bxd3 e5 5. Nf3 d6 6. O-O Nf6 7. h3 Be7 8. Be3
O-O 9. Nbd2 b6 10. Qe2 Bb7 11. a4 Nbd7 12. Bc2 d5 13. Bg5 h6 14. Bxf6 Bxf6 15.
exd5 Bxd5 16. Qd3 e4 17. Nxe4 Bxe4 18. Qxe4 g6 19. Qf4 Bg7 20. Rad1 Qf6 21.
Qxf6 Nxf6 22. Rfe1 Rfe8 23. Kf1 Kf8 24. Rxe8+ Rxe8 25. Re1 Rc8 26. Ne5 Nh5 27.
Nd7+ Kg8 28. Re7 f5 29. g4 fxg4 30. Bxg6 Nf6 31. hxg4 Nxd7 32. Rxd7 a5 33. f4
Rc6 34. Be4 Rf6 35. f5 Bf8 36. Bd5+ Kh8 37. Be6 Bc5 38. Rd8+ Kg7 39. Ke2 Rf8
40. Rxf8 Bxf8 41. Kd3 Kf6 42. Kc4 Kg5 43. Kb5 Bc5 44. b4 axb4 45. cxb4 Be3 46.
a5 bxa5 47. bxa5 1-0

[Event "Gibraltar Challengers B"]
[Site "Gibraltar"]
[Date "2020.01.27"]
[Round "4.34"]
[White "Lee, Alexandre Km"]
[Black "Mao, Yingzhou"]
[Result "0-1"]
[WhiteElo "1557"]
[BlackElo "1948"]
[PlyCount "74"]
[EventDate "2020.01.25"]
[EventType "swiss"]
[EventRounds "5"]
[EventCountry "GGB"]
[SourceTitle "BritBase"]
[Source "John Saunders"]
[SourceDate "2021.06.05"]
[SourceVersion "1"]
[SourceVersionDate "2021.06.05"]
[SourceQuality "1"]

1. e4 c5 2. Nf3 Nc6 3. d4 cxd4 4. Nxd4 Nf6 5. Nc3 e5 6. Nde2 Bc5 7. Ng3 d6 8.
Bc4 Bg4 9. f3 Be6 10. Nd5 O-O 11. Bg5 Bxd5 12. exd5 Na5 13. Bd3 Qb6 14. Bxf6
gxf6 15. Ne4 Kg7 16. Nxc5 Qxc5 17. Be2 Rac8 18. c3 Nc4 19. Bxc4 Qxc4 20. Qb3
Qd3 21. Qd1 Qb5 22. Qb3 Rc5 23. Qxb5 Rxb5 24. O-O-O Rc8 25. Kc2 f5 26. b4 Rxb4
27. Rb1 Rbc4 28. Rb3 b5 29. Rd1 e4 30. fxe4 fxe4 31. Re1 R8c5 32. Re3 Rxd5 33.
Ra3 Rg5 34. g3 Rgc5 35. Rxa7 b4 36. Ra4 d5 37. Kd2 bxc3+ 0-1

[Event "Gibraltar Challengers B"]
[Site "Gibraltar"]
[Date "2020.01.27"]
[Round "4.38"]
[White "Skutta, Bernd"]
[Black "Erdogan, Hassan"]
[Result "1-0"]
[WhiteElo "1998"]
[BlackElo "1830"]
[PlyCount "51"]
[EventDate "2020.01.25"]
[EventType "swiss"]
[EventRounds "5"]
[EventCountry "GGB"]
[SourceTitle "BritBase"]
[Source "John Saunders"]
[SourceDate "2021.06.05"]
[SourceVersion "1"]
[SourceVersionDate "2021.06.05"]
[SourceQuality "1"]

1. d4 d6 2. e4 g6 3. Nc3 Bg7 4. Be3 Nf6 5. f3 c6 6. Qd2 h6 7. h4 b5 8. Bd3 b4
9. Nce2 a5 10. Nh3 Ba6 11. Nf2 Bxd3 12. Nxd3 Nfd7 13. h5 g5 14. f4 Nf6 15. Ng3
gxf4 16. Bxf4 e6 17. O-O-O d5 18. Rhe1 Nxe4 19. Nxe4 dxe4 20. Rxe4 Qd5 21. Qe2
Qxa2 22. d5 Bc3 23. Rxe6+ Kd8 24. Rd6+ Kc8 25. Qg4+ Kb7 26. dxc6+ 1-0

[Event "Gibraltar Challengers B"]
[Site "Gibraltar"]
[Date "2020.01.27"]
[Round "4.39"]
[White "Aura, Kristian"]
[Black "Fernandez Lopategi, Jon Andoni"]
[Result "1/2-1/2"]
[WhiteElo "1928"]
[BlackElo "1987"]
[PlyCount "74"]
[EventDate "2020.01.25"]
[EventType "swiss"]
[EventRounds "5"]
[EventCountry "GGB"]
[SourceTitle "BritBase"]
[Source "John Saunders"]
[SourceDate "2021.06.05"]
[SourceVersion "1"]
[SourceVersionDate "2021.06.05"]
[SourceQuality "1"]

1. d4 d5 2. Nf3 Nf6 3. c4 c6 4. Nc3 a6 5. cxd5 cxd5 6. Bf4 Nc6 7. e3 Bg4 8. Be2
e6 9. O-O Be7 10. Rc1 Rc8 11. h3 Bh5 12. Ne5 Bxe2 13. Qxe2 O-O 14. Nxc6 Rxc6
15. Rc2 Qa5 16. Rfc1 Rfc8 17. Qd3 Bb4 18. f3 Bxc3 19. bxc3 Rc4 20. e4 b5 21.
Bd6 Qb6 22. e5 Ne8 23. Bc5 Qd8 24. f4 g6 25. Kh2 Ng7 26. g4 h5 27. Qf3 Qh4 28.
Kg2 f5 29. exf6 Qxf6 30. Re1 hxg4 31. hxg4 R8xc5 32. dxc5 Rxf4 33. Qg3 Qg5 34.
Kh3 Qh6+ 35. Kg2 Qg5 36. Kh3 Qh6+ 37. Kg2 Qg5 1/2-1/2

[Event "Gibraltar Challengers B"]
[Site "Gibraltar"]
[Date "2020.01.27"]
[Round "4.40"]
[White "Kaplan, Amiram"]
[Black "Nergard, Ole-Kristian"]
[Result "1-0"]
[WhiteElo "1880"]
[BlackElo "1667"]
[PlyCount "57"]
[EventDate "2020.01.25"]
[EventType "swiss"]
[EventRounds "5"]
[EventCountry "GGB"]
[SourceTitle "BritBase"]
[Source "John Saunders"]
[SourceDate "2021.06.05"]
[SourceVersion "1"]
[SourceVersionDate "2021.06.05"]
[SourceQuality "1"]

1. Nf3 Nf6 2. c4 c5 3. e3 g6 4. d4 cxd4 5. exd4 d5 6. Nc3 Bg7 7. h3 O-O 8. Be3
Nc6 9. a3 Re8 10. b4 e5 11. Be2 exd4 12. Nxd4 Nxd4 13. Bxd4 dxc4 14. O-O Be6
15. Bf3 Qc8 16. Qc2 Bf5 17. Qb2 Nh5 18. Be3 Bd3 19. Rfd1 Ng3 20. Qc1 Nf5 21.
Bc5 Nh4 22. Bd5 Qd7 23. Bxc4 Nf3+ 24. gxf3 Qxh3 25. Rxd3 Re5 26. f4 Qh4 27.
fxe5 Bxe5 28. Bd5 Qg4+ 29. Bg2 1-0

[Event "Gibraltar Challengers B"]
[Site "Gibraltar"]
[Date "2020.01.27"]
[Round "4.41"]
[White "Olufemi, George"]
[Black "Johnsen, Sylvia"]
[Result "1-0"]
[WhiteElo "1803"]
[BlackElo "1902"]
[PlyCount "46"]
[EventDate "2020.01.25"]
[EventType "swiss"]
[EventRounds "5"]
[EventCountry "GGB"]
[SourceTitle "BritBase"]
[Source "John Saunders"]
[SourceDate "2021.06.05"]
[SourceVersion "1"]
[SourceVersionDate "2021.06.05"]
[SourceQuality "1"]

1. e4 e5 2. Nf3 Nc6 3. d4 exd4 4. Bc4 Bc5 5. O-O Nf6 6. e5 d5 7. exf6 dxc4 8.
Re1+ Be6 9. Ng5 Qd5 10. Nc3 Qf5 11. Nce4 Bf8 12. g4 Qd5 13. Nxf7 Kxf7 14. Ng5+
Kg6 15. Nxe6 Bd6 16. fxg7 Rhg8 17. Qd2 Be5 18. Qg5+ Kf7 19. Qf5+ Ke7 20. Nxc7
Qa5 21. Qe6+ Kd8 22. Qxg8+ Kxc7 23. Qf7+ Kb6 1-0

[Event "Gibraltar Challengers B"]
[Site "Gibraltar"]
[Date "2020.01.27"]
[Round "4.42"]
[White "Lafour, Jephte"]
[Black "Auvinen, Esa"]
[Result "1/2-1/2"]
[WhiteElo "1690"]
[BlackElo "1850"]
[PlyCount "117"]
[EventDate "2020.01.25"]
[EventType "swiss"]
[EventRounds "5"]
[EventCountry "GGB"]
[SourceTitle "BritBase"]
[Source "John Saunders"]
[SourceDate "2021.06.05"]
[SourceVersion "1"]
[SourceVersionDate "2021.06.05"]
[SourceQuality "1"]

1. Nf3 d5 2. g3 Nd7 3. d4 e6 4. Bg2 Ngf6 5. O-O c5 6. c3 b6 7. Re1 Bb7 8. Bf4
Be7 9. Nbd2 O-O 10. e4 dxe4 11. Ng5 cxd4 12. cxd4 Nd5 13. Ngxe4 Nxf4 14. gxf4
Bd5 15. Qh5 Nf6 16. Nxf6+ Bxf6 17. Bxd5 g6 18. Qf3 exd5 19. Nb3 Qd7 20. f5 Qxf5
21. Qxf5 gxf5 22. Rac1 Rac8 23. Kf1 Rc4 24. Rcd1 Rc2 25. Re2 Rfc8 26. Rdd2 R2c4
27. f4 a5 28. Rg2+ Kf8 29. Rd3 a4 30. Nd2 Rxd4 31. Rxd4 Bxd4 32. Nf3 Rc1+ 33.
Ne1 Be3 34. Ke2 Bxf4 35. Rf2 Be5 36. Rxf5 Bxh2 37. Rxd5 Bg3 38. Nd3 Rc6 39. Kf3
Bc7 40. Ke4 Re6+ 41. Kf5 Rd6 42. Nf4 Rxd5+ 43. Nxd5 Bd8 44. Nc3 h5 45. Nxa4 Kg7
46. Nc3 h4 47. Kg4 Kg6 48. Nd5 f5+ 49. Kh3 Kg5 50. Ne3 f4 51. Ng4 f3 52. b4 Kf4
53. a4 Ke4 54. a5 bxa5 55. bxa5 Kd5 56. a6 Kc6 57. Ne5+ Kb6 58. Nxf3 Kxa6 59.
Nxh4 1/2-1/2

[Event "Gibraltar Challengers B"]
[Site "Gibraltar"]
[Date "2020.01.27"]
[Round "4.43"]
[White "Garcia-Blazquez Perez, Manuel"]
[Black "Tkadlecek, Petr"]
[Result "1-0"]
[WhiteElo "1825"]
[BlackElo "1775"]
[PlyCount "103"]
[EventDate "2020.01.25"]
[EventType "swiss"]
[EventRounds "5"]
[EventCountry "GGB"]
[SourceTitle "BritBase"]
[Source "John Saunders"]
[SourceDate "2021.06.05"]
[SourceVersion "1"]
[SourceVersionDate "2021.06.05"]
[SourceQuality "1"]

1. e4 c6 2. d4 g6 3. Nc3 Bg7 4. f4 d6 5. Nf3 Nf6 6. e5 dxe5 7. fxe5 Nd5 8. Bc4
O-O 9. O-O Nxc3 10. bxc3 b5 11. Bb3 a5 12. a4 Ba6 13. Ng5 e6 14. Rf3 Qe7 15.
axb5 Bb7 16. bxc6 Bxc6 17. Rh3 a4 18. Bc4 Qb7 19. Rxh7 Bxg2 20. Ba3 Rd8 21. Qg4
Bh1 22. Qh3 Qg2+ 23. Qxg2 Bxg2 24. Kxg2 Rc8 25. Rf1 Ra7 26. Bc5 Rb7 27. h4 Rcc7
28. h5 gxh5 29. Bd3 Bxe5 30. Rxh5 Rxc5 31. dxc5 Bxc3 32. Rf3 Bb2 33. Be4 Rc7
34. Rg3 Kf8 35. Rf3 Ke8 36. c3 Nd7 37. Rh8+ Nf8 38. Nxe6 Re7 39. Bc6+ Rd7 40.
Nxf8 a3 41. Re3+ Kd8 42. Ne6+ Ke7 43. Nd4+ Kf6 44. Bxd7 a2 45. Nb3 a1=Q 46.
Nxa1 Bxa1 47. c6 Kg5 48. c7 Kf4 49. Kf2 f5 50. c8=Q Bb2 51. Rg8 Bxc3 52. Qc4+
1-0

[Event "Gibraltar Challengers B"]
[Site "Gibraltar"]
[Date "2020.01.29"]
[Round "5.2"]
[White "Oragwu, Chukwunonso"]
[Black "Hristodorescu, Daniel"]
[Result "1-0"]
[WhiteElo "2220"]
[BlackElo "2172"]
[PlyCount "91"]
[EventDate "2020.01.25"]
[EventType "swiss"]
[EventRounds "5"]
[EventCountry "GGB"]
[SourceTitle "BritBase"]
[Source "John Saunders"]
[SourceDate "2021.06.05"]
[SourceVersion "1"]
[SourceVersionDate "2021.06.05"]
[SourceQuality "1"]

1. e4 e5 2. Nf3 Nc6 3. Bb5 a6 4. Ba4 Nf6 5. Qe2 b5 6. Bb3 Be7 7. a4 Rb8 8. axb5
axb5 9. O-O O-O 10. c3 d6 11. h3 Be6 12. Bxe6 fxe6 13. Ra6 Qc8 14. Ra1 Nd7 15.
d4 Bf6 16. Be3 Qb7 17. Nbd2 exd4 18. cxd4 Nb4 19. Qd1 c5 20. Qb3 Kh8 21. e5
dxe5 22. dxe5 Be7 23. Qxe6 Rbe8 24. Qb3 c4 25. Qc3 Nd5 26. Qc2 Nxe3 27. fxe3
Bc5 28. Qc3 Nb6 29. Nb3 Be7 30. Nbd4 Nd5 31. Qc1 Bc5 32. Kh1 Nb4 33. e6 Qe4 34.
Qd2 Nd3 35. Qe2 h6 36. Rad1 Rd8 37. Nd2 Qh4 38. N2f3 Qe4 39. Nd2 Qg6 40. N2f3
Rfe8 41. b3 Qe4 42. bxc4 bxc4 43. Nd2 Qd5 44. Rf5 Qxf5 45. Nxf5 c3 46. Ne4 1-0

[Event "Gibraltar Challengers B"]
[Site "Gibraltar"]
[Date "2020.01.29"]
[Round "5.5"]
[White "Osuna Vega, Enrique"]
[Black "Prieto Martin, Alfonso"]
[Result "1-0"]
[WhiteElo "2129"]
[BlackElo "2181"]
[PlyCount "57"]
[EventDate "2020.01.25"]
[EventType "swiss"]
[EventRounds "5"]
[EventCountry "GGB"]
[SourceTitle "BritBase"]
[Source "John Saunders"]
[SourceDate "2021.06.05"]
[SourceVersion "1"]
[SourceVersionDate "2021.06.05"]
[SourceQuality "1"]

1. e4 c5 2. Nf3 e6 3. d4 cxd4 4. Nxd4 Nf6 5. Nc3 Nc6 6. Ndb5 Bb4 7. Bf4 Nxe4 8.
Qf3 d5 9. Nc7+ Kf8 10. O-O-O Bxc3 11. bxc3 e5 12. Nxd5 Ng5 13. Bxg5 Qxg5+ 14.
Kb2 h6 15. h3 Rb8 16. Bc4 Be6 17. Bb3 Bxd5 18. Rxd5 Re8 19. Rhd1 Qf6 20. Qe3 g6
21. Rd6 Qg5 22. Rd7 Re7 23. Qc5 e4 24. R1d5 Qf6 25. R7d6 Qh4 26. g3 Qxh3 27.
Rxc6 bxc6 28. Rd8+ Kg7 29. Qxe7 1-0

[Event "Gibraltar Challengers B"]
[Site "Gibraltar"]
[Date "2020.01.29"]
[Round "5.6"]
[White "Galvan, Jesus"]
[Black "Severijnen, Arjon"]
[Result "1/2-1/2"]
[WhiteElo "2180"]
[BlackElo "2120"]
[PlyCount "66"]
[EventDate "2020.01.25"]
[EventType "swiss"]
[EventRounds "5"]
[EventCountry "GGB"]
[SourceTitle "BritBase"]
[Source "John Saunders"]
[SourceDate "2021.06.05"]
[SourceVersion "1"]
[SourceVersionDate "2021.06.05"]
[SourceQuality "1"]

1. c4 Nf6 2. Nc3 g6 3. g3 Bg7 4. Bg2 d6 5. e4 Nc6 6. Nge2 O-O 7. O-O Nd7 8. Rb1
e5 9. f4 f5 10. fxe5 Ndxe5 11. d4 Ng4 12. Nd5 fxe4 13. h3 Rxf1+ 14. Qxf1 Nh6
15. Bxh6 Bxh6 16. Bxe4 Bg7 17. Rd1 Be6 18. b3 Qg5 19. Qf4 Qxf4 20. Nexf4 Bxd5
21. Bxd5+ Kh8 22. Ne6 Re8 23. Nxg7 Kxg7 24. Bxc6 bxc6 25. Kf2 Rf8+ 26. Ke3 Re8+
27. Kd3 Rf8 28. Kc3 a5 29. Rd3 Rf2 30. a3 Ra2 31. Re3 Kf7 32. g4 Rg2 33. Rf3+
Kg7 1/2-1/2

[Event "Gibraltar Challengers B"]
[Site "Gibraltar"]
[Date "2020.01.29"]
[Round "5.7"]
[White "Dolzhikova, Olga"]
[Black "Tejaswini, Sagar"]
[Result "1-0"]
[WhiteElo "2123"]
[BlackElo "2180"]
[PlyCount "119"]
[EventDate "2020.01.25"]
[EventType "swiss"]
[EventRounds "5"]
[EventCountry "GGB"]
[SourceTitle "BritBase"]
[Source "John Saunders"]
[SourceDate "2021.06.05"]
[SourceVersion "1"]
[SourceVersionDate "2021.06.05"]
[SourceQuality "1"]

1. e4 e5 2. Bc4 Bc5 3. d3 Nf6 4. Nc3 c6 5. Bb3 d5 6. exd5 Nxd5 7. Ne4 Be7 8.
Nf3 Nd7 9. Bd2 O-O 10. Qe2 Qc7 11. O-O-O N7f6 12. Nxf6+ Bxf6 13. Qe4 Bd7 14.
Bg5 Bxg5+ 15. Nxg5 Nf6 16. Qh4 h6 17. Nf3 Rfe8 18. Rhe1 Bf5 19. g4 Bxg4 20. Rg1
Qd7 21. h3 Qf5 22. hxg4 Qxf3 23. g5 hxg5 24. Rxg5 Nh7 25. Rh5 g5 26. Rg1 Qf4+
27. Qxf4 exf4 28. Rgh1 Nf6 29. Rxg5+ Kf8 30. Rf5 Nd5 31. Bxd5 cxd5 32. Rh7 Re1+
33. Kd2 Rae8 34. Rfxf7+ Kg8 35. Rfg7+ Kf8 36. Rxb7 Kg8 37. Rbg7+ Kf8 38. Rxa7
Kg8 39. Rhg7+ Kh8 40. Kc3 R1e2 41. Rh7+ Kg8 42. f3 R2e3 43. Rag7+ Kf8 44. Rd7
Kg8 45. Rhg7+ Kh8 46. Rg4 Rc8+ 47. Kd4 Rxf3 48. Rxd5 Rh3 49. c4 Rf8 50. Rgg5 f3
51. Rgf5 Rxf5 52. Rxf5 Kg7 53. Ke3 f2+ 54. Kxf2 Rxd3 55. Ke2 Rh3 56. b3 Kg6 57.
Rf2 Rh1 58. Kd3 Rd1+ 59. Kc3 Rc1+ 60. Kb4 1-0

[Event "Gibraltar Challengers B"]
[Site "Gibraltar"]
[Date "2020.01.29"]
[Round "5.8"]
[White "Ask, Josef"]
[Black "Gonzalez Gonzalez, Alfonso"]
[Result "1-0"]
[WhiteElo "2174"]
[BlackElo "2100"]
[PlyCount "79"]
[EventDate "2020.01.25"]
[EventType "swiss"]
[EventRounds "5"]
[EventCountry "GGB"]
[SourceTitle "BritBase"]
[Source "John Saunders"]
[SourceDate "2021.06.05"]
[SourceVersion "1"]
[SourceVersionDate "2021.06.05"]
[SourceQuality "1"]

1. Nf3 c5 2. g3 Nc6 3. Bg2 d5 4. O-O e5 5. d3 f6 6. c4 d4 7. e3 Bg4 8. h3 Bh5
9. exd4 cxd4 10. a3 a5 11. Re1 Nge7 12. Nbd2 Qc7 13. Rb1 Bg6 14. Ne4 Nc8 15.
Nh4 Bxe4 16. Bxe4 Nd6 17. Qh5+ Qf7 18. Bg6 hxg6 19. Qxh8 g5 20. c5 gxh4 21.
cxd6 hxg3 22. f3 Qg6 23. Re4 O-O-O 24. Qg8 f5 25. Re1 Bxd6 26. Qc4 e4 27. dxe4
g2 28. e5 Qg3 29. Qe6+ Kb8 30. exd6 Rxd6 31. Qe8+ Ka7 32. Qe2 Rg6 33. Qe8 Rd6
34. Re2 Rd8 35. Qe6 Rd6 36. Qxf5 Rg6 37. Bf4 Qh4 38. Qxg6 Qxf4 39. Kxg2 d3 40.
Qxd3 1-0

[Event "Gibraltar Challengers B"]
[Site "Gibraltar"]
[Date "2020.01.29"]
[Round "5.10"]
[White "Sanchez Jerez, Emilio Miguel"]
[Black "Hamer, Martyn"]
[Result "1-0"]
[WhiteElo "2168"]
[BlackElo "2069"]
[PlyCount "77"]
[EventDate "2020.01.25"]
[EventType "swiss"]
[EventRounds "5"]
[EventCountry "GGB"]
[SourceTitle "BritBase"]
[Source "John Saunders"]
[SourceDate "2021.06.05"]
[SourceVersion "1"]
[SourceVersionDate "2021.06.05"]
[SourceQuality "1"]

1. g3 d5 2. Bg2 Nf6 3. d3 e5 4. Nf3 Nc6 5. O-O Be7 6. c4 O-O 7. cxd5 Nxd5 8.
Nc3 Be6 9. Bd2 Qd7 10. Rc1 Rad8 11. Ne4 h6 12. Nc5 Bxc5 13. Rxc5 Rfe8 14. a3
Qd6 15. b4 Nd4 16. Nxd4 exd4 17. Qa4 a6 18. Bxd5 Bxd5 19. Bf4 Qe6 20. Bxc7 Rc8
21. Qa5 Bc6 22. Re5 Qh3 23. f3 f6 24. Rxe8+ Rxe8 25. Rf2 Bxf3 26. Bb6 Re5 27.
Qa4 Bc6 28. Qb3+ Bd5 29. Qb2 Rh5 30. Bc7 Qg4 31. Bf4 g5 32. Bd6 f5 33. Be5 f4
34. Qxd4 Qd7 35. e4 fxe3 36. Qxe3 Bc6 37. Qc5 Qe8 38. Qd6 g4 39. Rf8+ 1-0

[Event "Gibraltar Challengers B"]
[Site "Gibraltar"]
[Date "2020.01.29"]
[Round "5.11"]
[White "De Abreu, Roberto N"]
[Black "Alami, Halim"]
[Result "1-0"]
[WhiteElo "2154"]
[BlackElo "1987"]
[PlyCount "75"]
[EventDate "2020.01.25"]
[EventType "swiss"]
[EventRounds "5"]
[EventCountry "GGB"]
[SourceTitle "BritBase"]
[Source "John Saunders"]
[SourceDate "2021.06.05"]
[SourceVersion "1"]
[SourceVersionDate "2021.06.05"]
[SourceQuality "1"]

1. d4 d5 2. c4 e6 3. Nf3 c6 4. g3 f5 5. Bg2 Nf6 6. O-O Be7 7. b3 O-O 8. Ba3 Ne4
9. Bxe7 Qxe7 10. Nbd2 Nd7 11. Qc2 Ndf6 12. Ne5 Bd7 13. Ndf3 Be8 14. Nd3 Nd7 15.
Nfe5 g5 16. Nxd7 Bxd7 17. f3 Nf6 18. e4 f4 19. gxf4 Nh5 20. fxg5 Qxg5 21. Qc1
Nf4 22. Nxf4 Rxf4 23. Qe1 Kh8 24. Qe3 Rg8 25. Rf2 e5 26. Kh1 Qf6 27. dxe5 Qxe5
28. Rd1 Be6 29. cxd5 cxd5 30. Qxa7 dxe4 31. fxe4 Rxe4 32. Qxb7 Rh4 33. Bf3 Rd4
34. Rdf1 Bh3 35. Bg2 Be6 36. Qe7 Rdg4 37. Rf7 Qh5 38. Qf6+ 1-0